000 00335nam a2200133Ia 4500
008 240624s9999 xx 000 0 und d
041 _aeng
082 _a823 KAR
100 _aKARNAD GIRISH
245 _aWEDDING ALBUM
260 _c2009
_aNew Delhi
_bOxford University press
300 _axvii, : 93 : p. : cm. ; 21
365 _cRS
_b30
999 _c12577
_d12577